00677nam a2200205 i 4500003000900000005001700009007000300026008004100029040003000070082001300100100000300113110000300116245013700119264007600256300004400332336002700376337003400403338002800437500000600465DO-SdBNP20230928101520.0ta110413s2022 dr 000 0 spa d aDO-SdBNPbspacBNPHUerda bG943222  10aGuía para el despliegue del sistema de calidad en la gestión de los servicios de residuos sólidos municipio Santo Domingo este 1aSanto Domingo :bFederación Dominicana de Municipios (FEDOMU),c2022. a75 páginas :bilustraciones ;c22 cm. 2rdacontentatextobtxt 2rdamediaasin mediación bn 2rdacarrieravolumenbnc a